Flood defences: special report (Record no. 73190)
[ view plain ]
| 000 -LEADER | |
|---|---|
| fixed length control field | 01099cam a2200229 4500 |
| 001 - CONTROL NUMBER | |
| control field | ABS66896 |
| 008 - FIXED-LENGTH DATA ELEMENTS--GENERAL INFORMATION | |
| fixed length control field | 030808n2003 000 0 eng u |
| 035 ## - SYSTEM CONTROL NUMBER | |
| System control number | (Sirsi) u123238 |
| 100 ## - MAIN ENTRY--PERSONAL NAME | |
| Personal name | Mann, W. |
| 245 ## - TITLE STATEMENT | |
| Title | Flood defences: special report |
| 260 ## - PUBLICATION, DISTRIBUTION, ETC. | |
| Date of publication, distribution, etc. | 2003 |
| 490 ## - SERIES STATEMENT | |
| Series statement | Contract Journal |
| Volume/sequential designation | 419(6437) 30 July 2003, 14-17(4) |
| 520 ## - SUMMARY, ETC. | |
| Summary, etc. | Three articles on flood defences. "A sea change in policy" examines the topic of sustainable managementof land flooding, perhaps by allowing land to flood naturally; "SUDS up" looks at the aim of the Environment Agency to promote wider adoption of sustainable urban drainage systems; "Shoring up the Sow" reports on the recent flood defence work on the River Sow in Stafford, the first full project in the Environment Agency's National Contractors Framework Agreement. |
| 590 ## - LOCAL NOTE (RLIN) | |
| Local note | ABS |
| 650 ## - SUBJECT ADDED ENTRY--TOPICAL TERM | |
| Topical term or geographic name entry element | ENVIRONMENT AGENCY |
| 650 ## - SUBJECT ADDED ENTRY--TOPICAL TERM | |
| Topical term or geographic name entry element | FLOODING |
| 650 ## - SUBJECT ADDED ENTRY--TOPICAL TERM | |
| Topical term or geographic name entry element | SUSTAINABLE URBAN DRAINAGE SYSTEMS |
| 650 ## - SUBJECT ADDED ENTRY--TOPICAL TERM | |
| Topical term or geographic name entry element | SUSTAINABLE MANAGEMENT |
| 690 ## - LOCAL SUBJECT ADDED ENTRY--TOPICAL TERM (OCLC, RLIN) | |
| Topical term or geographic name as entry element | ENVIRONMENTAL AND LAND CONSULTANCY-ENVIRONMENTAL MANAGEMENT |
| 700 ## - ADDED ENTRY--PERSONAL NAME | |
| Personal name | Faulkner, G. |
| 942 ## - ADDED ENTRY ELEMENTS (KOHA) | |
| Suppress in OPAC | 0 |
| Withdrawn status | Lost status | Source of classification or shelving scheme | Damaged status | Not for loan | Home library | Current library | Shelving location | Date acquired | Total Checkouts | Full call number | Barcode | Date last seen | Copy number | Price effective from | Koha item type |
|---|---|---|---|---|---|---|---|---|---|---|---|---|---|---|---|
| Dewey Decimal Classification | London | London | Journal article | 08/08/2003 | ABS66896 | 123238-1001 | 06/08/2019 | 1 | 06/08/2019 | Journal article |